Atlas de microscopia electrónica en medicina / (Record no. 65928)

MARC details
000 -LEADER
campo de control de longitud fija 00643nam a2200205 i 4500
001 - NÚMERO DE CONTROL
campo de control 65928
003 - IDENTIFICADOR DE NÚMERO DE CONTROL
campo de control ES-MaACL
005 - FECHA Y HORA DE LA ÚLTIMA TRANSACCIÓN
campo de control 20230906165515.0
007 - CAMPO FIJO DE DESCRIPCIÓN FÍSICA--INFORMACIÓN GENERAL
campo de control de longitud fija t|
008 - DATOS DE LONGITUD FIJA--INFORMACIÓN GENERAL
campo de control de longitud fija 040123s1972 sp ||||1| spa d
100 1# - ENTRADA PRINCIPAL--NOMBRE DE PERSONA
Nombre de persona Fujita, Tsuneo.
9 (RLIN) 52988
245 10 - MENCIÓN DEL TÍTULO
Título Atlas de microscopia electrónica en medicina /
Mención de responsabilidad, etc. Tsuneo Fujita, Junichi Tokunaga, Hajime Inoue ; versión Diego Ribas.
250 ## - MENCION DE EDICION
Mención de edición [1ª ed.].
260 ## - PUBLICACIÓN, DISTRIBUCIÓN, ETC.
Lugar de publicación, distribución, etc. Barcelona :
Nombre del editor, distribuidor, etc. Espaxs,
Fecha de publicación, distribución, etc. 1972.
300 ## - DESCRIPCIÓN FÍSICA
Extensión 142 p. :
Otras características físicas il. ;
Dimensiones 31 cm.
700 1# - ENTRADA AGREGADA--NOMBRE PERSONAL
Nombre de persona Tokunaga, Junichi.
9 (RLIN) 110434
700 1# - ENTRADA AGREGADA--NOMBRE PERSONAL
Nombre de persona Inoue, Hajime.
9 (RLIN) 65335
700 1# - ENTRADA AGREGADA--NOMBRE PERSONAL
Nombre de persona Ribas, Diego.
9 (RLIN) 96720
852 ## - LOCALIZACIÓN
Ubicación ES-MaACL
Número de control de estantería C-43963
Sublocalización o colección R.83706
Holdings
Estatus retirado Estado de pérdida Estado de daño No para préstamo Biblioteca de origen Biblioteca actual Ubicación en estantería Fecha de adquisición Fuente de adquisición Total de préstamos Signatura topográfica completa Código de barras Visto por última vez Precio de reemplazo Tipo de ítem Koha
        Biblioteca del Ateneo de Madrid Biblioteca del Ateneo de Madrid Depósito 2 17/01/2008     C-43963 1069067 23/02/2023 23/02/2023 Libro impreso